书目信息 |
| 题名: |
建筑制图与识图
|
|
| 作者: | 凌艺春 , 余荣春 主编 | |
| 分册: | ||
| 出版信息: | 北京 北京理工大学出版社有限责任公司 2020.6 |
|
| 页数: | 182,19页 | |
| 开本: | 26cm | |
| 丛书名: | ||
| 单 册: | ||
| 中图分类: | TU204.21 | |
| 科图分类: | ||
| 主题词: | 建筑制图--识图--高等学校--教材 | |
| 电子资源: | ||
| ISBN: | 978-7-5682-8603-9 | |
| 000 | 00852nam0 2200241 45 | |
| 001 | 012001001248 | |
| 005 | 20140913110141.0 | |
| 010 | @a978-7-5682-8603-9@dCNY58.00 | |
| 100 | @a20201106d2020 em y0chiy50 ea | |
| 101 | 0 | @achi |
| 102 | @aCN@b110000 | |
| 105 | @aa z 000yy | |
| 106 | @ar | |
| 200 | 1 | @a建筑制图与识图@Ajian zhu zhi tu yu shi tu@b专著@f凌艺春,余荣春主编 |
| 210 | @a北京@c北京理工大学出版社有限责任公司@d2020.6 | |
| 215 | @a182,19页@c图@d26cm | |
| 330 | @a本书共7章,主要内容包括建筑制图的基本知识与技能,投影的基本知识,立体的投影,剖面图与断面图,识读建筑施工图、轴测投影和建筑施工图设计与绘制。 | |
| 606 | 0 | @a建筑制图@x识图@x高等学校@j教材 |
| 690 | @aTU204.21@v5 | |
| 701 | 0 | @a凌艺春@Aling yi chun@4主编 |
| 701 | 0 | @a余荣春@Ayu rong chun@4主编 |
| 801 | 0 | @aCN@bBJSDL@c20211011 |
| 905 | @b1333623-6@dTU204.21@e1905@f4 | |
| 建筑制图与识图/凌艺春,余荣春主编.-北京:北京理工大学出版社有限责任公司,2020.6 |
| 182,19页:图;26cm |
| ISBN 978-7-5682-8603-9:CNY58.00 |
| 本书共7章,主要内容包括建筑制图的基本知识与技能,投影的基本知识,立体的投影,剖面图与断面图,识读建筑施工图、轴测投影和建筑施工图设计与绘制。 |
| ● |
| 相关链接 |
|
|
|
|
正题名:建筑制图与识图
索取号:TU204.21/1905
 
预约/预借
| 序号 | 登录号 | 条形码 | 馆藏地/架位号 | 状态 | 备注 |
| 1 | 1333623 | 213336237 | 第二样本阅览室/ [索取号:TU204.21/1905] | 在馆 | |
| 2 | 1333624 | 213336246 | 第三借阅区/ [索取号:TU204.21/1905] | 在馆 | |
| 3 | 1333625 | 213336255 | 第三借阅区/ [索取号:TU204.21/1905] | 在馆 | |
| 4 | 1333626 | 213336264 | 第三借阅区/ [索取号:TU204.21/1905] | 在馆 |